[Event "Morava-ch U16"]
[Site "Bystrice nad Pernstejnem"]
[Date "2024.10.31"]
[Round "8"]
[White "Krajicek, Matej"]
[Black "Rybackova, Lucie"]
[Result "1/2-1/2"]
[WhiteElo "1976"]
[BlackElo "2000"]
[PlyCount "55"]
[EventDate "2024.10.26"]
[EventType "swiss"]
[EventRounds "9"]
[EventCountry "CZE"]
[SourceTitle "CB45_2024"]
[Source "ChessBase"]
[SourceDate "2024.11.06"]
[SourceVersion "1"]
[SourceVersionDate "2024.11.06"]
[SourceQuality "1"]

1. Nf3 Nf6 2. b3 g6 3. Bb2 Bg7 4. e3 0-0 5. Be2 c5 6. 0-0 d5 7. d4 cxd4 8. Bxd4 Nc6 9. Bb2 Be6 10. Nbd2 Qa5 11. Nd4 Nxd4 12. Bxd4 Rfd8 13. a3 Rac8 14. b4 Qc7 15. Bd3 Ne4 16. Nb3 Bd7 17. Bxg7 Kxg7 18. Bxe4 dxe4 19. Qd4+ Kg8 20. Qxa7 Qxc2 21. Nc5 Bc6 22. Qb6 Rd6 23. Rac1 Qb2 24. Nxe4 Rdd8 25. Nc5 Qxa3 26. Rcd1 Rxd1 27. Rxd1 Qa8 28. h3 1/2-1/2

[Event "Morava-ch U16"]
[Site "Bystrice nad Pernstejnem"]
[Date "2024.10.29"]
[Round "5"]
[White "Sotek, Simon"]
[Black "Krajicek, Matej"]
[Result "1-0"]
[WhiteElo "1927"]
[BlackElo "1976"]
[PlyCount "75"]
[EventDate "2024.10.26"]
[EventType "swiss"]
[EventRounds "9"]
[EventCountry "CZE"]
[SourceTitle "CB45_2024"]
[Source "ChessBase"]
[SourceDate "2024.11.06"]
[SourceVersion "1"]
[SourceVersionDate "2024.11.06"]
[SourceQuality "1"]

1. e4 e5 2. d4 exd4 3. Nf3 Nc6 4. Bc4 d6 5. Nxd4 Nxd4 6. Qxd4 Qf6 7. Be3 Be7 8. Nc3 Be6 9. Bxe6 fxe6 10. Qb4 0-0-0 11. Nb5 a6 12. Na7+ Kb8 13. Nc6+ Ka8 14. Nxd8 Bxd8 15. Qd4 Qxd4 16. Bxd4 e5 17. Be3 Nf6 18. f3 h6 19. c4 Be7 20. Ke2 Kb8 21. b4 Kc8 22. a4 c5 23. bxc5 dxc5 24. Rhd1 a5 25. Rab1 Kc7 26. g4 g5 27. Rd3 Rh7 28. Rdb3 Nd7 29. Rxb7+ Kc6 30. R7b5 Bd8 31. Kf2 Rh8 32. Bd2 Nb6 33. Rxa5 Nxc4 34. Ra6+ Kc7 35. Ba5+ Nxa5 36. Rxa5 Kc6 37. Ra6+ Kc7 38. Ra8 1-0

[Event "Morava-ch U16"]
[Site "Bystrice nad Pernstejnem"]
[Date "2024.10.26"]
[Round "1"]
[White "Vondra, Filip"]
[Black "Krajicek, Matej"]
[Result "0-1"]
[WhiteElo "1685"]
[BlackElo "1976"]
[PlyCount "120"]
[EventDate "2024.10.26"]
[EventType "swiss"]
[EventRounds "9"]
[EventCountry "CZE"]
[SourceTitle "CB45_2024"]
[Source "ChessBase"]
[SourceDate "2024.11.06"]
[SourceVersion "1"]
[SourceVersionDate "2024.11.06"]
[SourceQuality "1"]

1. e4 e6 2. d4 b6 3. Nf3 Bb7 4. Bd3 d5 5. e5 Ne7 6. Bg5 h6 7. Bd2 c5 8. c3 Nbc6 9. 0-0 Qd7 10. Be3 Nf5 11. Bxf5 exf5 12. dxc5 bxc5 13. Qb3 Na5 14. Qc2 Nc4 15. Re1 Nxe3 16. Rxe3 Qe6 17. Nbd2 Be7 18. Nb3 0-0 19. Rd1 Rac8 20. Qd2 Rfd8 21. h3 g5 22. Nh2 Kh8 23. Rf3 Qxe5 24. Re1 Qf6 25. Ng4 fxg4 26. Rxf6 Bxf6 27. hxg4 Kg7 28. f4 d4 29. fxg5 Bxg5 30. Qd3 c4 31. Qd1 cxb3 32. Qxb3 Bd5 33. Qb5 Bc4 34. Qe5+ Bf6 35. Qf5 dxc3 36. bxc3 Rc6 37. Qa5 Rcd6 38. Qa4 Bxc3 39. Rc1 Bd4+ 40. Kh1 Be2 41. Re1 Bxg4 42. Qb3 Bf5 43. Re7 Bg6 44. Qg3 Bf6 45. Rxa7 Rd1+ 46. Kh2 R8d5 47. Kh3 Rh1+ 48. Kg4 Rg5+ 49. Kf3 Rxg3+ 50. Kxg3 Ra1 51. a4 Bc2 52. a5 Bd3 53. Kf3 Bc3 54. Ke3 Bg6 55. a6 Kf6 56. Ra8 Ke6 57. a7 Kf6 58. g3 Be5 59. g4 Ra3+ 60. Kf2 Bd4+ 0-1

[Event "Stare Mesto op"]
[Site "Stare Mesto"]
[Date "2024.08.23"]
[Round "9"]
[White "Krajicek, Matej"]
[Black "Chval, Zdenek1"]
[Result "1-0"]
[WhiteElo "1866"]
[BlackElo "2055"]
[PlyCount "83"]
[EventDate "2024.08.16"]
[EventType "swiss"]
[EventRounds "10"]
[EventCountry "CZE"]
[SourceTitle "EXT 2025"]
[Source "ChessBase"]
[SourceDate "2024.10.14"]
[SourceVersion "1"]
[SourceVersionDate "2024.10.14"]
[SourceQuality "1"]

1. e4 c5 2. c3 Nf6 3. e5 Nd5 4. d4 cxd4 5. cxd4 Nc6 6. Nc3 Nxc3 7. bxc3 d6 8. exd6 exd6 9. Nf3 Be7 10. Bd3 0-0 11. 0-0 Bg4 12. Re1 Bf6 13. h3 Bh5 14. Bd2 Qc7 15. Qb1 Bxf3 16. gxf3 g6 17. Re4 Rae8 18. Qf1 d5 19. Re3 Na5 20. Rae1 Rc8 21. R3e2 Kg7 22. Qg2 Qd6 23. f4 Nc4 24. Bc1 b5 25. f5 a5 26. fxg6 hxg6 27. f4 b4 28. f5 bxc3 29. fxg6 Bxd4+ 30. Kh1 Ne5 31. gxf7+ Kxf7 32. Rf1+ Ke8 33. Bb5+ Kd8 34. Rxf8+ Qxf8 35. Qxd5+ Kc7 36. Rxe5 Bxe5 37. Qxe5+ Qd6 38. Qxc3+ Kb7 39. Qf3+ Kb6 40. Bf4 Rf8 41. Qe3+ Qc5 42. a4 1-0

[Event "Stare Mesto Slovacky op"]
[Site "Stare Mesto"]
[Date "2024.08.08"]
[Round "6"]
[White "Krajicek, Matej"]
[Black "Horkovyi, Mykyta"]
[Result "1/2-1/2"]
[WhiteElo "1866"]
[BlackElo "1633"]
[PlyCount "48"]
[EventDate "2024.08.05"]
[EventType "swiss"]
[EventRounds "9"]
[EventCountry "CZE"]
[SourceTitle "EXT 2025"]
[Source "ChessBase"]
[SourceDate "2024.10.14"]
[SourceVersion "1"]
[SourceVersionDate "2024.10.14"]
[SourceQuality "1"]

1. Nf3 Nf6 2. g3 d5 3. Bg2 c6 4. d4 Bf5 5. Nbd2 e6 6. 0-0 Bd6 7. c4 Nbd7 8. Re1 0-0 9. Nh4 Bg4 10. Qb3 Qb6 11. c5 Qxb3 12. axb3 Bc7 13. f4 Nb8 14. b4 Na6 15. Ra4 Bd8 16. Kf2 Nc7 17. h3 Bh5 18. Bf3 Nb5 19. Nb3 Bxf3 20. exf3 Bc7 21. Bd2 Nh5 22. Ng2 g6 23. Be3 Rfe8 24. g4 f5 1/2-1/2

[Event "Stare Mesto Slovacky op"]
[Site "Stare Mesto"]
[Date "2024.08.07"]
[Round "4"]
[White "Nerud, Matous"]
[Black "Krajicek, Matej"]
[Result "1/2-1/2"]
[WhiteElo "1796"]
[BlackElo "1866"]
[PlyCount "97"]
[EventDate "2024.08.05"]
[EventType "swiss"]
[EventRounds "9"]
[EventCountry "CZE"]
[SourceTitle "EXT 2025"]
[Source "ChessBase"]
[SourceDate "2024.10.14"]
[SourceVersion "1"]
[SourceVersionDate "2024.10.14"]
[SourceQuality "1"]

1. c4 Nf6 2. g3 g6 3. Bg2 Bg7 4. Nc3 c6 5. d3 d5 6. cxd5 Nxd5 7. Bd2 0-0 8. Nf3 e5 9. 0-0 h6 10. Rc1 Be6 11. a3 Qd7 12. Re1 Na6 13. b4 Nac7 14. Ne4 Qe7 15. Nc5 Bc8 16. Rc2 Ne6 17. Qc1 Kh7 18. Rd1 Rd8 19. Qb1 Nd4 20. Nxd4 exd4 21. Re1 b6 22. Na4 Bb7 23. Nb2 Rac8 24. Nc4 c5 25. bxc5 bxc5 26. Na5 Ba8 27. Rb2 Rc7 28. Nc4 Rb7 29. Rxb7 Bxb7 30. Qa2 Nb6 31. Bxb7 Qxb7 32. Rb1 Qd5 33. Ba5 Rb8 34. Bxb6 axb6 35. Rb5 Be5 36. Qb2 Bc7 37. a4 Qd8 38. a5 bxa5 39. Rxb8 Bxb8 40. Nxa5 Qxa5 41. Qxb8 Qe1+ 42. Kg2 Qxe2 43. Qf8 Qe5 44. Qxf7+ Qg7 45. Qd5 Qc7 46. Qc4 Kg7 47. Qd5 Kf6 48. Qf3+ Kg7 49. Qd5 1/2-1/2

[Event "Zlin Region-chT 2324"]
[Site "Czech Republic"]
[Date "2024.01.21"]
[Round "6.5"]
[White "Brazdil, Roman"]
[Black "Krajicek, Matej"]
[Result "1-0"]
[WhiteElo "2065"]
[BlackElo "1759"]
[PlyCount "87"]
[EventDate "2023.10.22"]
[EventType "team-tourn"]
[EventRounds "11"]
[EventCountry "CZE"]
[SourceTitle "EXT 2025"]
[Source "ChessBase"]
[SourceDate "2024.10.14"]
[SourceVersion "1"]
[SourceVersionDate "2024.10.14"]
[SourceQuality "1"]
[WhiteTeam "Postoupky Sokol"]
[BlackTeam "Borsice"]
[WhiteTeamCountry "CZE"]
[BlackTeamCountry "CZE"]

1. e4 Nc6 2. Nf3 d6 3. d4 g6 4. Nc3 Bg7 5. Be3 e5 6. Qd2 exd4 7. Nxd4 Nxd4 8. Bxd4 Bxd4 9. Qxd4 Qf6 10. Qxf6 Nxf6 11. Bc4 Bd7 12. 0-0-0 0-0-0 13. f3 Be6 14. Bxe6+ fxe6 15. e5 dxe5 16. Rxd8+ Rxd8 17. Re1 Nd7 18. Ne4 h6 19. Nf2 h5 20. Nd3 Rf8 21. Nxe5 Nxe5 22. Rxe5 Kd7 23. Rg5 Rf6 24. Kd2 Ke7 25. Ke3 Kf7 26. Ke4 e5 27. Rxe5 Ra6 28. a3 Rd6 29. Rd5 Re6+ 30. Kd3 Ke7 31. Rd4 Rb6 32. b3 Rf6 33. Ke3 Rc6 34. Rc4 Rxc4 35. bxc4 Kd6 36. h4 Ke5 37. g4 c5 38. f4+ Kf6 39. gxh5 gxh5 40. Ke4 b6 41. f5 a6 42. a4 a5 43. Kf4 Kg7 44. Kg5 1-0